LEADER 01466nam a2200313 4500 001 000000361939 003 CaOOAMICUS 005 20250627115517.0 008 250305s2008 it 000 u ita r 020 $a978-88-6081-328-2 040 $aSeMil$bita 100 1 $aSpinoza, Benedictus : de ,$d<1632-1677>.$0(OLS)http://semarc/name/5025 240 10$aEthica ordine geometrico demonstrata.$0(OLS)http://semarc/title/117629 245 10$aEtica :$bdimostrata con ordine geometrico e divisa in cinque parti /$cBaruch Spinoza ; a cura di Piergiorgio Sensi. 264 1$aRoma :$bArmando,$c2008. 300 $a303 p. ;$c22 cm 490 1 $aArmando scuola 490 1 $aClassici di filosofia 650 4$aSpinoza, Benedetto <1632-1677> . Ethica ordine geometrico demonstrata.$0(OLS)http://semarc/subject/10319 700 1 $aSensi, Piergiorgio.$0(OLS)http://semarc/name/121608 830 0$aArmando scuola.$0(OLS)http://semarc/title/452789 830 0$aClassici di filosofia.$0(OLS)http://semarc/title/426838 850 $aSeMil 852 $aSeMil$W1$xVenegono$y1$m2P VII 530$j255518$B252880$CSeMilBibl$Z2$F252880 $81 961 $aBuzzi mons. Franco - Omaggio 996 $6020$a978-88-6081-328-2$9(OLS)http://semarc/number/302618 996 $6245$aEtica :$bdimostrata con ordine geometrico e divisa in cinque parti$9(OLS)http://semarc/title/452788 996 $6264$aRoma :$bArmando$9(OLS)http://semarc/publisher/29857 LEADER 01177nas a2200253 i 4500 001 000000058469 003 CaOOAMICUS 005 20121210000000.0 008 121127b2007 it uu u0 0ita r 013 $a29641 040 $aSeMil$bita 245 10$a[2007]. 260 $aVarallo (VC) :$bRiserva Naturale Speciale del Sacro Monte di Varallo,$ccopyr. 2007. 300 $a470 p. :$briccamente ill. ;$c24 cm + [1] c. di Errata Corrige [p. 375]. 500 $aIn 4. di copertina : Regione Piemonte, Riserva Naturale Speciale del Sacro Monte di Varallo, UNESCO. - Fondo Card. C. M. Martini. 710 0 $aPiemonte .$0(OLS)http://semarc/name/12605 710 2 $aUNESCO.$0(OLS)http://semarc/name/2185 773 0 $tSacri Monti.$dVarallo (VC) : Riserva Naturale Speciale del Sacro Monte di Varallo, copyr. 2007.$w()27723 850 $aSeMil 852 $aSeMil$W1$xVenegono$y1$m199 5 90$j24622$B24622$CSeMilBibl$Z2$F24625 $85 941 1 $a4 961 $aLascito: Martini Card. Carlo Maria 996 $6245$a[2007]$9(OLS)http://semarc/title/91152 996 $6260$aVarallo (VC) :$bRiserva Naturale Speciale del Sacro Monte di Varallo$9(OLS)http://semarc/publisher/37429